00963nam a2200265 a 4500001001000000003000900010005001700019007001000036008004100046020002900087020001500116040002200131082001500153245010000168260003800268300002800306490005300334500002200387500008400409505007000493650003600563700002300599700002200622830005300644000036041DO-SdBNP20171110124355.0000036041111124s20uu sp a 001 0 spa d a848236023x (colección) a8482360337 aBPMSUbspacBPMSU 42750aT255p00aTécnicas básicas de paisajismo :ben todos los medios /ceditores Greg Albert ; Rachel Wolf aBarcelona :bIdea Books,c[200?]. a119 p. :bil. ;c30 cm.1 aCurso básico de técnicas de dibujo y pintura aIncluye índice. aCurso básico de técnicas de dibujo y pintura (título tomado del estuche )0 gTécnicas básicas de paisajismo --rGreg Albert,rRachel Wolf. 4aPINTURA DE PAISAJES xTÉCNICA12aAlbert, Greg,eed.12aWolf, Racheleed. 0aCurso básico de técnicas de dibujo y pintura